书目信息 |
| 题名: |
现代室内细部设计
|
|
| 作者: | 尼塞万德, 编 ;吴君竹 , 王文婷 , 刘佳 译 | |
| 分册: | ||
| 出版信息: | 沈阳 辽宁科学技术出版社 2004.10 |
|
| 页数: | 168页 | |
| 开本: | 27×27cm | |
| 丛书名: | ||
| 单 册: | ||
| 中图分类: | TU241 , TU241 | |
| 科图分类: | ||
| 主题词: | 住宅--zhu zhai--细部--室内设计 , 民用建筑--建筑设计 | |
| 电子资源: | ||
| ISBN: | 7-5381-4212-6 | |
| 000 | 01080nam0 2200349 450 | |
| 001 | 12515 | |
| 005 | 20050509082924.6 | |
| 010 | @a7-5381-4212-6@b精装@d168.00CNY | |
| 099 | @aCAL 012005025456 | |
| 100 | @a20050321d2004 ekmy0chiy0121 ea | |
| 101 | 0 | @achi |
| 102 | @aCN@b210000 | |
| 105 | @aa z 000yy | |
| 200 | 1 | @a现代室内细部设计@Axian dai shi nei xi bu she ji@f(英) 诺尼·尼塞万德编@g吴君竹, 王文婷, 刘佳译 |
| 210 | @a沈阳@c辽宁科学技术出版社@d2004.10 | |
| 215 | @a168页@c彩图@d27×27cm | |
| 312 | @a英文并列题名取自封面 | |
| 314 | @a封面责任者题: 诺尼·尼善万德 | |
| 510 | 1 | @aModern interior details@zeng |
| 517 | 1 | @a室内细部设计@Ashi nei xi bu she ji |
| 606 | 0 | @a住宅@Azhu zhai@x细部@x室内设计 |
| 606 | 0 | @a民用建筑@x建筑设计 |
| 690 | @aTU241@v4 | |
| 690 | @aTU241@v3 | |
| 701 | 1 | @a尼塞万德,@Ani sai wan de@b诺尼@4编 |
| 702 | 0 | @a吴君竹@Awu jun zhu@4译 |
| 702 | 0 | @a王文婷@Awang wen ting@4译 |
| 702 | 0 | @a刘佳@Aliu jia@4译 |
| 801 | 0 | @aCN@bTJU@c20050321 |
| 905 | @a10447@dTU241@eN976 | |
| 906 | @dCNY168.00@n0@r1 | |
| 998 | @aTJU | |
| 现代室内细部设计/(英) 诺尼·尼塞万德编/吴君竹, 王文婷, 刘佳译.-沈阳:辽宁科学技术出版社,2004.10 |
| 168页:彩图;27×27cm |
| ISBN 7-5381-4212-6(精装):168.00CNY |
| ● |
| 相关链接 |
|
|
|
正题名:现代室内细部设计
索取号:TU241/N976
 
预约/预借
| 序号 | 登录号 | 条形码 | 馆藏地/架位号 | 状态 | 备注 |
| 1 | 531172 | 205311722 | 建筑与城市规划学院资料室/101建筑库 31排1列5层/ [索取号:TU241/N976] | 在馆 |